Weird Al Yankovic Quiz - Statistics

General Stats
  • This quiz has been taken 85 times
  • The average score is 6 of 8
Answer Stats
Hint Answer % Correct
Name of the parody of the song "Beat It" Eat It
99%
Name of the parody of the song "Gangsta's Paradise" Amish Paradise
90%
His full first name Alfred
81%
Name of the parody of the song "Ridin" who's music video has over 100M views White & Nerdy
79%
Name pf the parody of the song "I Love Rock n' Roll" I Love Rocky Road
75%
State he was born in California
56%
Name of his first album "Weird Al" Yankovic
53%
Man who spoke at his school where the then-16-year-old Yankovic gave him a homemade tape Dr. Demento
36%
No matching quizzes found
Score Distribution
Percent of People with Each Score
Percentile by Number Answered
Your Score History
You have not taken this quiz